Thuật ngữ tin học Anh - Việt = English - Vietnamese dictionary of computing terms
Sách là quyển từ điển giới thiệu về từ và nghĩa chuyên ngành tin học.
में बचाया:
| मुख्य लेखक: | |
|---|---|
| स्वरूप: | पुस्तक |
| भाषा: | Undetermined |
| प्रकाशित: |
Thành phố Hồ Chí Minh
Trẻ
2000
|
| विषय: | |
| टैग : |
टैग जोड़ें
कोई टैग नहीं, इस रिकॉर्ड को टैग करने वाले पहले व्यक्ति बनें!
|
| Thư viện lưu trữ: | Trung tâm Học liệu Trường Đại học Cần Thơ |
|---|
| LEADER | 00790nam a2200241Ia 4500 | ||
|---|---|---|---|
| 001 | CTU_38402 | ||
| 008 | 210402s9999 xx 000 0 und d | ||
| 020 | |b 140.000đ | ||
| 020 | |c 140000 | ||
| 082 | |a 004.03 | ||
| 082 | |b Tr300 | ||
| 100 | |a Lê, Minh Trí | ||
| 245 | 0 | |a Thuật ngữ tin học Anh - Việt = | |
| 245 | 0 | |b English - Vietnamese dictionary of computing terms | |
| 245 | 0 | |c Lê Minh Trí | |
| 260 | |a Thành phố Hồ Chí Minh | ||
| 260 | |b Trẻ | ||
| 260 | |c 2000 | ||
| 520 | |a Sách là quyển từ điển giới thiệu về từ và nghĩa chuyên ngành tin học. | ||
| 650 | |a Computers | ||
| 650 | |x Terminology | ||
| 904 | |i Nguyễn Quang Điền | ||
| 980 | |a Trung tâm Học liệu Trường Đại học Cần Thơ | ||